00927cam a2200289 a 450000100090000000300040000900500170001300800410003001000170007101500190008801600180010702000180012503500240014303500210016704000540018805000200024208200220026224500850028425000120036926000590038130000210044065000380046165000380049965000520053770000240058970000240061315055406OSt20231205114623.0071023s2008 enk b 001 0 eng  a 2007044009 aGBA7330792bnb7 a0137359942Uk a9788131707210 a(OCoLC)ocn176861801 a(OCoLC)176861801 aDLCcDLCdBAKERdC#PdYDXCPdBWXdUKMdBTCTAdDLC00aPN94b.M57 200800a801.950904bLOD/M00aModern criticism and theory :ba reader /cedited by David Lodge and Nigel Wood. a2nd ed. aHarlow, England ;aNew York :bPearson Longman,c2006. a550 p. ;c25 cm. 0aCriticismxHistoryy20th century. 0aCriticismxHistoryy21st century. 0aLiteraturexHistory and criticismxTheory, etc. aLodge, Davidd1935-1 aWood, Nigel,d1953-